[Event "Bunratty Online"]
[Site "Chess.com INT"]
[Date "2021.02.20"]
[Round "6"]
[White "Fuentes Alarcon, Angelo Moises"]
[Black "Melaugh, Shanemelaugh"]
[Result "1-0"]
[WhiteElo "1900"]
[BlackElo "2161"]
[PlyCount "69"]
[EventDate "2021.02.20"]
[EventType "swiss (blitz)"]
[EventRounds "9"]
[EventCountry "IRL"]
[SourceTitle "CBM 200 Extra"]
[Source "ChessBase"]
[SourceDate "2021.03.31"]
[SourceVersion "1"]
[SourceVersionDate "2021.03.31"]
[SourceQuality "1"]

1. c4 e5 2. g3 Nc6 3. Bg2 d6 4. Nc3 f5 5. Nd5 Nf6 6. d3 Be7 7. Bd2 0-0 8. Bc3 Be6 9. Nxe7+ Qxe7 10. Nf3 e4 11. Ng5 exd3 12. Qxd3 Ne5 13. Bxe5 dxe5 14. 0-0 e4 15. Qc3 h6 16. Nxe6 Qxe6 17. e3 Rad8 18. Rfd1 Ng4 19. Rd4 c5 20. Rd2 Rxd2 21. Qxd2 Qxc4 22. Rc1 Qxa2 23. Rxc5 Qb3 24. Bf1 Kh7 25. h3 Nf6 26. Rc7 Qb6 27. Qc3 Rd8 28. Qe5 Rd5 29. Qe7 Nh5 30. Be2 Qxb2 31. Bxh5 Rd2 32. Qf7 Rd6 33. Qxf5+ Kg8 34. Rc8+ Rd8 35. Rxd8# 1-0

[Event "Bunratty Online"]
[Site "Chess.com INT"]
[Date "2021.02.20"]
[Round "7"]
[White "Reichmann, Hendrik"]
[Black "Fuentes Alarcon, Angelo Moises"]
[Result "1-0"]
[WhiteElo "2348"]
[BlackElo "1900"]
[PlyCount "101"]
[EventDate "2021.02.20"]
[EventType "swiss (blitz)"]
[EventRounds "9"]
[EventCountry "IRL"]
[SourceTitle "CBM 200 Extra"]
[Source "ChessBase"]
[SourceDate "2021.03.31"]
[SourceVersion "1"]
[SourceVersionDate "2021.03.31"]
[SourceQuality "1"]

1. d4 d5 2. Bf4 Nf6 3. e3 Bf5 4. c4 e6 5. Nc3 c6 6. Qb3 Qb6 7. c5 Qxb3 8. axb3 Nbd7 9. b4 Nh5 10. Bc7 Rc8 11. Be5 a6 12. h3 Nhf6 13. Bh2 Ne4 14. Nf3 h6 15. Nxe4 Bxe4 16. Nd2 Bg6 17. Nb3 f6 18. Na5 e5 19. Nxb7 Rb8 20. Bxa6 Be7 21. b5 cxb5 22. c6 Nb6 23. dxe5 Rc8 24. exf6 gxf6 25. Bxb5 Kf7 26. 0-0 Nc4 27. Rfd1 Ke6 28. b3 Ne5 29. Ra6 Bc2 30. c7+ Kf7 31. Rxd5 Bxb3 32. Rxe5 fxe5 33. Bxe5 Rh7 34. Bd3 Rhh8 35. Bxh8 Rxh8 36. Nd8+ Rxd8 37. cxd8Q Bxd8 38. Rxh6 Be6 39. g4 Bf6 40. Rh5 Be7 41. Be4 Kf6 42. Kg2 Bf7 43. Rh6+ Kg7 44. Rc6 Bb3 45. f4 Kf7 46. g5 Ke8 47. h4 Kf8 48. h5 Kg7 49. h6+ Kf8 50. Rc8+ Kf7 51. h7 1-0

[Event "PER-ch"]
[Site "Lima"]
[Date "2017.03.05"]
[Round "8"]
[White "Narva Mallqui, Miguel"]
[Black "Fuentes Alarcon, Angelo Moises"]
[Result "1/2-1/2"]
[WhiteElo "1967"]
[BlackElo "1647"]
[PlyCount "130"]
[EventDate "2017.03.01"]
[EventType "swiss"]
[EventRounds "9"]
[EventCountry "PER"]
[SourceTitle "CBM 177 Extra"]
[Source "ChessBase"]
[SourceDate "2017.04.27"]
[SourceVersion "1"]
[SourceVersionDate "2017.04.27"]
[SourceQuality "1"]

1. d4 d5 2. c4 e6 3. Nc3 Nf6 4. Bg5 Be7 5. e3 0-0 6. Nf3 Nbd7 7. cxd5 exd5 8. Qc2 c6 9. Bd3 Re8 10. 0-0 h6 11. Bh4 Ne4 12. Bxe7 Qxe7 13. Nd2 Ndf6 14. Rae1 Bf5 15. f3 Nxd2 16. Qxd2 Bxd3 17. Qxd3 Qb4 18. Nd1 Rad8 19. Qc3 Qd6 20. b4 Re7 21. Re2 Nd7 22. Nf2 b5 23. Rd1 Nb6 24. e4 dxe4 25. fxe4 f6 26. e5 Qd5 27. Qg3 Qf7 28. Ng4 Kh8 29. Rf1 f5 30. Ref2 Rxd4 31. Rxf5 Qe6 32. Rf8+ Kh7 33. Nf6+ gxf6 34. R8xf6 Qg4 35. Qe3 Qh4 36. g3 Nd5 37. Qf3 Qg5 38. Rf7+ Kg6 39. Rxe7 Qxe7 40. Qf5+ Kg7 41. e6 Nf6 42. Re1 Rxb4 43. h4 Rc4 44. Re5 h5 45. Qg5+ Kf8 46. Rf5 Ke8 47. Rxf6 Qc5+ 48. Qxc5 Rxc5 49. Kf2 Re5 50. Rh6 c5 51. Kf3 Ke7 52. Kf4 Rxe6 53. Rxh5 Rc6 54. Rh7+ Kf8 55. Rxa7 c4 56. Rd7 c3 57. Rd1 b4 58. Rc1 Rd6 59. a3 bxa3 60. Rxc3 Ra6 61. Rc1 Kg7 62. Ra1 a2 63. Kg5 Ra5+ 64. Kf4 Kg6 65. g4 Ra4+ 1/2-1/2

[Event "PER-ch"]
[Site "Lima"]
[Date "2017.03.03"]
[Round "5"]
[White "Fuentes Alarcon, Angelo Moises"]
[Black "De la Cruz, Jonathan"]
[Result "1/2-1/2"]
[WhiteElo "1647"]
[BlackElo "1969"]
[PlyCount "37"]
[EventDate "2017.03.01"]
[EventType "swiss"]
[EventRounds "9"]
[EventCountry "PER"]
[SourceTitle "CBM 177 Extra"]
[Source "ChessBase"]
[SourceDate "2017.04.27"]
[SourceVersion "1"]
[SourceVersionDate "2017.04.27"]
[SourceQuality "1"]

1. Nf3 Nf6 2. c4 d6 3. d4 g6 4. e3 Bg7 5. Be2 0-0 6. 0-0 c5 7. Nc3 Nc6 8. b3 Bg4 9. h3 Bxf3 10. Bxf3 Nd7 11. Bb2 cxd4 12. exd4 Nxd4 13. Bxb7 Rb8 14. Bf3 Ne5 15. Be2 Nec6 16. Nb5 Qb6 17. Nxd4 Nxd4 18. Bxd4 Bxd4 19. Rb1 1/2-1/2